Obiekty w Polsce na zdjęciach - nagła śmierć - Statystyki

Ogólne statystyki
  • Ten quiz został rozwiązany 217 razy
    35 od ostatniego zresetowania
  • Średni wynik to 7 z 20
Answers on the Grid
Answers color-coded by a green-red scale on the quiz's grid according to % correct below.
 
Statystyki odpowiedzi
Odpowiedź % Poprawnych
85%
62%
54%
54%
54%
38%
38%
38%
31%
31%
31%
31%
31%
23%
23%
23%
23%
15%
0%
0%
Nie znaleziono quizów pasujących do podanych kryteriów
Rozkład punktacji
Procent ludzi z każdym wynikiem
Percentyl według liczby udzielonych odpowiedzi
Twoja historia wyników
Nie rozwiązałeś tego quizu od ostatniego zresetowania